000 00385nam a2200169Ia 4500
001 9597
003 IN-NITTTR
005 20251114233049.0
008 251113s9999||||xx |||||||||||||| ||eng||
040 _beng
040 _cIN-NITTTR
041 _aeng
082 _a624.182 R144D
100 _aRam Chandra,
245 0 _aDesign of steel structures. /
_cRam Chandra
942 _2ddc
_cBK
999 _c12234
_d12234